[Event "4NCL Division 3 South"]
[Site "Maidenhead, ENG"]
[Date "2022.02.13"]
[Round "4.52"]
[White "Appleby, Stephen"]
[Black "Singleton, Michael P F"]
[Result "0-1"]
[WhiteElo "1886"]
[BlackElo "2053"]
[PlyCount "60"]
[EventDate "2022.02.13"]
[WhiteTeam "Weesex Some Stars B"]
[BlackTeam "Surbiton"]

1. d4 Nf6 2. Nf3 g6 3. g3 Bg7 4. Bg2 d6 5. O-O O-O 6. c4 Nbd7 7. Nc3 c6 8. h3
Qc7 9. e4 e5 10. Be3 Ne8 11. dxe5 dxe5 12. c5 h6 13. Nh4 Kh7 14. f4 exf4 15.
gxf4 Qa5 16. a3 Bxc3 17. bxc3 Qxc3 18. Qf3 Qf6 19. Qf2 Ng7 20. Bd4 Qe7 21. f5
Qd8 22. Rad1 g5 23. f6 Ne6 24. Qf5+ Kg8 25. e5 Nxd4 26. Rxd4 Re8 27. Rfd1 Qc7
28. e6 Rxe6 29. Be4 Nxf6 30. Qf3 Nxe4 0-1

[Event "4NCL Division 3 South"]
[Site "Maidenhead, ENG"]
[Date "2022.02.13"]
[Round "4.53"]
[White "Boughen, Andrew"]
[Black "Spanton, Tim R"]
[Result "0-1"]
[WhiteElo "1831"]
[BlackElo "1901"]
[PlyCount "116"]
[EventDate "2022.02.13"]
[WhiteTeam "Surbiton"]
[BlackTeam "Weesex Some Stars B"]

1. d4 d5 2. c4 Nc6 3. Nf3 Bg4 4. e3 e6 5. Nc3 Nf6 6. Be2 Be7 7. O-O O-O 8. a3
a5 9. Bd2 Re8 10. Rc1 Bf8 11. h3 Bf5 12. Nh4 Ne7 13. Nxf5 Nxf5 14. cxd5 exd5
15. Qc2 Nd6 16. Nb5 c6 17. Nxd6 Bxd6 18. b4 Qe7 19. bxa5 Bxa3 20. Ra1 Ne4 21.
Bd3 Nxd2 22. Qxd2 Bb4 23. Qc2 Rxa5 24. Rxa5 Bxa5 25. Bxh7+ Kf8 26. Bd3 Bc7 27.
Be2 Ra8 28. Qh7 Qd6 29. g3 Ra2 30. Qh8+ Ke7 31. Qh4+ Qf6 32. Qxf6+ Kxf6 33. Bg4
Ke7 34. Rc1 Kd6 35. Bf5 g6 36. Bd3 b6 37. Kg2 b5 38. Kf3 Ra3 39. Ke2 Ra2+ 40.
Rc2 Ra1 41. h4 Ba5 42. Kf3 b4 43. Rb2 Ra3 44. Bc2 c5 45. dxc5+ Kxc5 46. Bb3
Rxb3 47. Rxb3 Kc4 48. Rb1 b3 49. Kf4 Bc3 50. g4 b2 51. h5 gxh5 52. gxh5 Kd3 53.
Kf5 Kc2 54. Rxb2+ Bxb2 55. e4 d4 56. h6 d3 57. e5 d2 58. h7 Bxe5 0-1

[Event "4NCL Division 3 South"]
[Site "Maidenhead, ENG"]
[Date "2022.02.13"]
[Round "4.54"]
[White "De Coverly, Roger D"]
[Black "Faulks, Nick"]
[Result "0-1"]
[WhiteElo "1852"]
[BlackElo "1833"]
[PlyCount "94"]
[EventDate "2022.02.13"]
[WhiteTeam "Weesex Some Stars B"]
[BlackTeam "Surbiton"]

1. d4 Nf6 2. c4 c5 3. d5 b5 4. cxb5 a6 5. bxa6 Bxa6 6. Nc3 g6 7. e4 Bxf1 8.
Kxf1 d6 9. Nf3 Bg7 10. g3 O-O 11. Kg2 Nbd7 12. a4 Qb6 13. Qe2 Rfb8 14. Bd2 Qb3
15. Rhb1 Nb6 16. Qb5 Nc4 17. Qxb3 Rxb3 18. Bc1 Ng4 19. Nd2 Nxd2 20. Bxd2 Bd4
21. Nd1 Nf6 22. f3 Nd7 23. a5 Ne5 24. f4 Nc4 25. Be1 Ne3+ 26. Nxe3 Rxe3 27. b4
Bxa1 28. Rxa1 cxb4 29. Bf2 Ra3 30. Rb1 R8xa5 31. Rxb4 R5a4 32. Rxa4 Rxa4 33.
Kf3 e6 34. dxe6 fxe6 35. g4 Ra3+ 36. Ke2 Kf7 37. g5 Ke8 38. h4 Rh3 39. Be1 Kd7
40. Bf2 Kc6 41. Be1 Kb5 42. Bf2 Kc4 43. Kd2 d5 44. exd5 exd5 45. Ke2 d4 46. Be1
d3+ 47. Kd2 Rf3 0-1

[Event "4NCL Division 3 South"]
[Site "Maidenhead, ENG"]
[Date "2022.02.13"]
[Round "4.55"]
[White "Alcock, Graham P"]
[Black "Moore, Gillian A"]
[Result "1-0"]
[WhiteElo "1736"]
[BlackElo "1779"]
[PlyCount "79"]
[EventDate "2022.02.13"]
[WhiteTeam "Surbiton"]
[BlackTeam "Weesex Some Stars B"]

1. e4 Nf6 2. Nc3 e5 3. Bc4 Nc6 4. Nf3 Bc5 5. d3 O-O 6. Bg5 Re8 7. Nd5 Na5 8. b4
Nxc4 9. bxc5 Na5 10. Qd2 b6 11. Nxf6+ gxf6 12. Bh6 d5 13. Qe3 d4 14. Nxd4 Kh8
15. Ne2 Qe7 16. cxb6 cxb6 17. Ng3 Qb4+ 18. Qd2 Qxd2+ 19. Kxd2 Rg8 20. Rhf1 Rg6
21. Be3 Be6 22. f4 exf4 23. Bxf4 Rd8 24. Rf2 Nc6 25. a3 Ne5 26. Nh5 Ng4 27. Re2
Ne5 28. Nxf6 Nc4+ 29. Ke1 Kg7 30. Nh5+ Kf8 31. dxc4 Bxc4 32. Rf2 Re6 33. e5 Rc8
34. Rd1 Rc5 35. Nf6 Kg7 36. Rd8 Rcxe5+ 37. Bxe5 Rxe5+ 38. Kd2 Ra5 39. Rg8+ Kh6
40. Rf4 1-0

[Event "4NCL Division 3 South"]
[Site "Maidenhead, ENG"]
[Date "2022.02.13"]
[Round "4.56"]
[White "Adaway, William"]
[Black "Markov, Alexey"]
[Result "1/2-1/2"]
[WhiteElo "1854"]
[BlackElo "1621"]
[PlyCount "99"]
[EventDate "2022.02.13"]
[WhiteTeam "Weesex Some Stars B"]
[BlackTeam "Surbiton"]

1. e4 c5 2. Nf3 g6 3. c3 d5 4. exd5 Qxd5 5. d4 Bg4 6. Be2 Nc6 7. dxc5 Qxc5 8.
Be3 Qd6 9. Qxd6 exd6 10. Na3 a6 11. h3 Be6 12. Nd4 Bg7 13. Nxe6 fxe6 14. Nc4
Rd8 15. Bb6 Rd7 16. Bg4 Kf7 17. O-O-O d5 18. Rhe1 Bh6+ 19. Kb1 Re7 20. Ne5+
Nxe5 21. Rxe5 Bf4 22. Re2 h5 23. Bf3 Nf6 24. g3 Bc7 25. Bc5 Rd7 26. Bd4 Re8 27.
Rde1 b6 28. Be5 Bxe5 29. Rxe5 Rd6 30. Bd1 Ne4 31. Bc2 Nd2+ 32. Kc1 Nf3 33. R1e3
Nxe5 34. Rxe5 Kf6 35. f4 b5 36. a4 Rc8 37. Rg5 Rg8 38. axb5 axb5 39. Bd3 d4 40.
Bxb5 dxc3 41. bxc3 Rgd8 42. Kc2 Rd5 43. Rxd5 exd5 44. Kd3 Ke6 45. Kd4 Kd6 46.
Bd3 Rg8 47. g4 hxg4 48. hxg4 Rf8 49. f5 gxf5 50. Bxf5 1/2-1/2

[Event "4NCL Division 3 South"]
[Site "Maidenhead, ENG"]
[Date "2022.02.13"]
[Round "4.61"]
[White "Robinson, James"]
[Black "Graham, William M"]
[Result "1/2-1/2"]
[WhiteElo "1923"]
[BlackElo "1950"]
[PlyCount "48"]
[EventDate "2022.02.13"]
[WhiteTeam "Barnet Knights B"]
[BlackTeam "Sussex Martlets 3"]

1. d4 Nf6 2. Nf3 g6 3. Bg5 Bg7 4. Nbd2 d5 5. e3 O-O 6. Ne5 Nfd7 7. Nd3 Qe8 8.
Bf4 e5 9. dxe5 Nxe5 10. Nxe5 Bxe5 11. Bxe5 Qxe5 12. c3 Be6 13. Nf3 Qf6 14. Qd4
Nd7 15. Qxf6 Nxf6 16. Be2 Ne4 17. O-O f6 18. Rfd1 Rfd8 19. Nd2 Kf7 20. Nxe4
dxe4 21. b3 c5 22. Rxd8 Rxd8 23. Rd1 Rxd1+ 24. Bxd1 Bd5 1/2-1/2

[Event "4NCL Division 3 South"]
[Site "Maidenhead, ENG"]
[Date "2022.02.13"]
[Round "4.62"]
[White "Hedger, Alec"]
[Black "Eedle, Eric F"]
[Result "0-1"]
[WhiteElo "1910"]
[BlackElo "1836"]
[PlyCount "64"]
[EventDate "2022.02.13"]
[WhiteTeam "Sussex Martlets 3"]
[BlackTeam "Barnet Knights B"]

1. e4 c5 2. d4 cxd4 3. c3 Nf6 4. e5 Nd5 5. cxd4 d6 6. Nf3 Nc6 7. Bc4 Nb6 8. Bb3
dxe5 9. d5 Na5 10. Nc3 f6 11. Nxe5 fxe5 12. Qh5+ g6 13. Qxe5 Rg8 14. Nb5 Kf7
15. Qf4+ Bf5 16. g4 Nxb3 17. gxf5 g5 18. Qe4 Nc5 19. Qg4 Qxd5 20. O-O Qe4 21.
Qh5+ Kg7 22. Be3 Ncd7 23. Bd4+ Nf6 24. Bxf6+ exf6 25. Rac1 Qxf5 26. Rc7+ Kh8
27. Rfc1 Rg7 28. Nxa7 Rxa7 29. Rxg7 Kxg7 30. Rc7+ Kh8 31. Qf7 Ra8 32. Rxb7 Rd8
0-1

[Event "4NCL Division 3 South"]
[Site "Maidenhead, ENG"]
[Date "2022.02.13"]
[Round "4.63"]
[White "Vyas, Alisha"]
[Black "Wilton, Maximilian"]
[Result "1-0"]
[WhiteElo "1820"]
[BlackElo "1985"]
[PlyCount "81"]
[EventDate "2022.02.13"]
[WhiteTeam "Barnet Knights B"]
[BlackTeam "Sussex Martlets 3"]

1. e4 c5 2. c3 d5 3. exd5 Qxd5 4. Nf3 Nf6 5. Be2 Bg4 6. Na3 e6 7. O-O Nc6 8. d4
Rc8 9. Nc2 Qd8 10. Bg5 cxd4 11. Ncxd4 Be7 12. Nxc6 bxc6 13. Qa4 Bxf3 14. Bxf3
Qb6 15. b3 O-O 16. Rad1 Qc7 17. Bf4 Qb7 18. Be5 Qb5 19. Qf4 Rfd8 20. h4 Qa5 21.
Rxd8+ Bxd8 22. a4 Bc7 23. Bxc7 Rxc7 24. b4 Qb6 25. a5 Qb7 26. b5 Nd5 27. Qe5
Qxb5 28. Bxd5 Rc8 29. Qd4 cxd5 30. Qxa7 Qc6 31. Rb1 h6 32. Rb8 Qxc3 33. Rxc8+
Qxc8 34. a6 Qc3 35. Qb8+ Kh7 36. a7 e5 37. Qb1+ g6 38. a8=Q Qc5 39. Qab7 Kg7
40. Qd1 d4 41. Qe4 1-0

[Event "4NCL Division 3 South"]
[Site "Maidenhead, ENG"]
[Date "2022.02.13"]
[Round "4.64"]
[White "Michaud, Gerald"]
[Black "Erez, Uri"]
[Result "1-0"]
[WhiteElo "1853"]
[BlackElo "1747"]
[PlyCount "133"]
[EventDate "2022.02.13"]
[WhiteTeam "Sussex Martlets 3"]
[BlackTeam "Barnet Knights B"]

1. d4 d5 2. c4 c6 3. e3 Nf6 4. Nf3 e6 5. Nbd2 Nbd7 6. Bd3 Bd6 7. O-O O-O 8. b3
e5 9. cxd5 exd4 10. Nc4 Nc5 11. Nxd6 Qxd6 12. dxc6 Rd8 13. Ba3 dxe3 14. Bxc5
Qxd3 15. Bxe3 bxc6 16. Ne5 Qxd1 17. Rfxd1 Bb7 18. Rxd8+ Rxd8 19. Bg5 Rd5 20.
Bxf6 gxf6 21. Ng4 Kg7 22. h3 Rd2 23. Ne3 Kf8 24. Nc4 Rc2 25. Na5 Ba6 26. b4 Ke7
27. a3 Rc3 28. Re1+ Kd7 29. Re3 Rxe3 30. fxe3 Bd3 31. Nb3 Kd6 32. Nc5 Bf5 33.
e4 Be6 34. Kf2 Bc4 35. g3 Ke5 36. Ke3 f5 37. Nd7+ Kd6 38. Nf6 fxe4 39. Kxe4 Ke7
40. Ke5 Bd3 41. g4 Bc2 42. g5 Bd3 43. h4 Bc2 44. Ng4 Bb1 45. Ne3 Bd3 46. Nf5+
Kd7 47. Nd4 Kc7 48. Kf6 Kb6 49. Kxf7 c5 50. bxc5+ Kxc5 51. Ne6+ Kb5 52. Nf8 Ka4
53. Nxh7 Kxa3 54. h5 a5 55. Nf6 Kb3 56. Nd7 Kb4 57. Nb6 Kb5 58. Na4 Kxa4 59. g6
Bc4+ 60. Kf8 Bd3 61. g7 Bh7 62. g8=Q Bxg8 63. Kxg8 Kb3 64. h6 a4 65. h7 a3 66.
h8=Q a2 67. Qa1 1-0

[Event "4NCL Division 3 South"]
[Site "Maidenhead, ENG"]
[Date "2022.02.13"]
[Round "4.65"]
[White "Abhishek, Pradhan"]
[Black "Finn, Daniel"]
[Result "1/2-1/2"]
[WhiteElo "1810"]
[BlackElo "1820"]
[PlyCount "84"]
[EventDate "2022.02.13"]
[WhiteTeam "Barnet Knights B"]
[BlackTeam "Sussex Martlets 3"]

1. d4 d5 2. c4 e6 3. Nc3 Nf6 4. Nf3 Be7 5. Bf4 O-O 6. e3 dxc4 7. Bxc4 a6 8. a3
b5 9. Ba2 Bb7 10. Rc1 Nbd7 11. h3 c5 12. O-O Rc8 13. d5 exd5 14. Nxd5 Nxd5 15.
Bxd5 Bxd5 16. Qxd5 Nf6 17. Qb7 Ra8 18. Rfd1 Qe8 19. g4 h6 20. Ne5 c4 21. h4 Bc5
22. b4 Ba7 23. g5 hxg5 24. hxg5 Nh5 25. Nd7 Nxf4 26. exf4 Qc8 27. Qd5 Re8 28.
f5 Qd8 29. Qg2 Qe7 30. Nf6+ Kf8 31. Nxe8 Rxe8 32. Rc3 Qe2 33. Rf1 Bd4 34. Rh3
f6 35. g6 Re4 36. Qf3 Qc2 37. Rh8+ Ke7 38. Rg8 Bxf2+ 39. Rxf2 Qc1+ 40. Kg2 Qg5+
41. Kf1 Qc1+ 42. Kg2 Qg5+ 1/2-1/2

[Event "4NCL Division 3 South"]
[Site "Maidenhead, ENG"]
[Date "2022.02.13"]
[Round "4.66"]
[White "Woods, Timothy J"]
[Black "Sanfey, Gregor"]
[Result "0-1"]
[WhiteElo "1629"]
[BlackElo "1735"]
[PlyCount "50"]
[EventDate "2022.02.13"]
[WhiteTeam "Sussex Martlets 3"]
[BlackTeam "Barnet Knights B"]

1. e4 d6 2. d4 Nf6 3. Nc3 g6 4. Nf3 Bg7 5. h3 c6 6. a4 O-O 7. Be3 Nbd7 8. Be2
e5 9. O-O d5 10. dxe5 Nxe4 11. Nxd5 cxd5 12. Qxd5 Ndc5 13. Qc4 Be6 14. Qb4 Qc7
15. a5 Rac8 16. Rfe1 Bxe5 17. Nxe5 Qxe5 18. Bf3 Ng5 19. Bxb7 Nxb7 20. Qxb7 Bd5
21. Qb4 Rc4 22. Qd2 Qe4 23. f3 Nxf3+ 24. gxf3 Qxf3 25. Qh2 Rxc2 0-1

[Event "4NCL Division 3 South"]
[Site "Maidenhead, ENG"]
[Date "2022.02.13"]
[Round "4.71"]
[White "Nelson, Omowale"]
[Black "Lewis, Stephen"]
[Result "1-0"]
[WhiteElo "1984"]
[BlackElo "1958"]
[PlyCount "83"]
[EventDate "2022.02.13"]
[WhiteTeam "Watford A"]
[BlackTeam "Iceni 2"]

1. d4 Nf6 2. c4 e5 3. dxe5 Ng4 4. Nf3 Bc5 5. e3 Nc6 6. a3 a5 7. Nc3 O-O 8. Be2
Re8 9. Bd2 Ngxe5 10. Nd5 Bf8 11. Bc3 d6 12. Nd4 Nxd4 13. Qxd4 c6 14. Nf4 Bd7
15. h4 Rc8 16. h5 h6 17. Kf1 c5 18. Qd2 b6 19. Nd5 Bc6 20. Rh3 Bd7 21. Rh1 Be6
22. Rd1 Bxd5 23. Qxd5 Qe7 24. e4 Rc7 25. Rh3 Nd7 26. Rf3 Nf6 27. Bxf6 gxf6 28.
Rg3+ Kh8 29. Qf5 Qe6 30. Qf4 f5 31. Qxf5 Qxf5 32. exf5 Rce7 33. Bd3 Bg7 34. b3
Bd4 35. Rf3 Kg7 36. g3 Kf6 37. Kg2 Bb2 38. a4 Bd4 39. Rf4 Kg5 40. Kf3 Kxh5 41.
Rh1+ Kg5 42. Rg4+ 1-0

[Event "4NCL Division 3 South"]
[Site "Maidenhead, ENG"]
[Date "2022.02.13"]
[Round "4.72"]
[White "Rosenbach, Martin"]
[Black "Lancaster, Roger"]
[Result "1/2-1/2"]
[WhiteElo "1935"]
[BlackElo "1955"]
[PlyCount "87"]
[EventDate "2022.02.13"]
[WhiteTeam "Iceni 2"]
[BlackTeam "Watford A"]

1. c4 e5 2. g3 Nc6 3. Bg2 g6 4. Nc3 Bg7 5. d3 Nge7 6. e4 d6 7. Nge2 O-O 8. O-O
Be6 9. Nd5 Qd7 10. a3 Rae8 11. b4 f5 12. Bb2 Nd4 13. Nxd4 exd4 14. Nf4 c6 15.
Nxe6 Qxe6 16. f4 Kh8 17. Qd2 c5 18. exf5 Nxf5 19. Bxb7 Qe3+ 20. Qxe3 Nxe3 21.
Rf2 Rb8 22. Be4 cxb4 23. axb4 Rxb4 24. Rxa7 Rfb8 25. Rxg7 Rxb2 26. Rxb2 Rxb2
27. Rd7 Rb1+ 28. Kf2 Ng4+ 29. Ke2 Rb2+ 30. Ke1 Rb1+ 31. Kd2 Rb3 32. Rb7 Rxb7
33. Bxb7 Nxh2 34. Ke2 Kg7 35. Bc8 h5 36. Kf2 Kf6 37. Kg2 Ng4 38. Bxg4 hxg4 39.
Kf2 Ke6 40. Ke2 d5 41. c5 Kd7 42. Kd2 Kc6 43. Kc2 Kxc5 44. Kb3 1/2-1/2

[Event "4NCL Division 3 South"]
[Site "Maidenhead, ENG"]
[Date "2022.02.13"]
[Round "4.73"]
[White "Taylor, Alistair"]
[Black "Lightfoot, Malcolm J"]
[Result "1/2-1/2"]
[WhiteElo "1874"]
[BlackElo "1924"]
[PlyCount "77"]
[EventDate "2022.02.13"]
[WhiteTeam "Watford A"]
[BlackTeam "Iceni 2"]

1. d4 Nf6 2. c4 e6 3. Nf3 d5 4. Bg5 Be7 5. e3 h6 6. Bh4 O-O 7. Nc3 b6 8. Bd3
Bb7 9. O-O Nbd7 10. Rc1 c5 11. b3 Rc8 12. Qe2 Ne4 13. Bg3 Nxg3 14. hxg3 Nf6 15.
Rfd1 Bd6 16. cxd5 exd5 17. Bf5 Ra8 18. Nb5 Re8 19. Nxd6 Qxd6 20. dxc5 bxc5 21.
Qb5 Bc8 22. Bd3 Nd7 23. Bc4 Rb8 24. Qa4 Bb7 25. Qxa7 Bc6 26. Qa3 Qe6 27. Bd3
Qf6 28. Rc2 d4 29. exd4 Bxf3 30. gxf3 cxd4 31. Be4 Ne5 32. Kg2 Rbd8 33. Rcd2 g5
34. Qb2 g4 35. f4 Nc4 36. bxc4 Rxe4 37. Qb5 Qe6 38. Qh5 Rd6 39. Qb5 1/2-1/2

[Event "4NCL Division 3 South"]
[Site "Maidenhead, ENG"]
[Date "2022.02.13"]
[Round "4.74"]
[White "Ruthen, Stephen W"]
[Black "Dasgupta, Avyukt"]
[Result "1/2-1/2"]
[WhiteElo "1830"]
[BlackElo "1821"]
[PlyCount "75"]
[EventDate "2022.02.13"]
[WhiteTeam "Iceni 2"]
[BlackTeam "Watford A"]

1. c4 Nf6 2. Nc3 e6 3. e4 d5 4. e5 d4 5. exf6 dxc3 6. bxc3 Qxf6 7. d4 Nd7 8.
Nf3 h6 9. Bd3 Bd6 10. O-O c6 11. Bc2 O-O 12. Qd3 Qf5 13. Qxf5 exf5 14. Bxf5 Nf6
15. Bd3 Re8 16. Be3 b6 17. Nd2 Ng4 18. Rae1 Nxh2 19. Ne4 Bc7 20. Bxh6 Be6 21.
Bg5 Nxf1 22. Rxf1 Bxc4 23. Bxc4 Rxe4 24. Bd3 Ree8 25. g3 b5 26. Kg2 f6 27. Be3
Kf7 28. Bc2 Bd6 29. Bb3+ Ke7 30. Bd2 Kd7 31. Bf7 Re7 32. Bg6 Rh8 33. Be3 Ba3
34. Rb1 a6 35. Kf3 Rf8 36. Bf5+ Kc7 37. Rd1 Rd8 38. Rb1 1/2-1/2

[Event "4NCL Division 3 South"]
[Site "Maidenhead, ENG"]
[Date "2022.02.13"]
[Round "4.75"]
[White "Mead-Herbert, Bradley"]
[Black "Feavyour, John A"]
[Result "0-1"]
[WhiteElo "1568"]
[BlackElo "1837"]
[PlyCount "106"]
[EventDate "2022.02.13"]
[WhiteTeam "Watford A"]
[BlackTeam "Iceni 2"]

1. e4 c5 2. f4 Nc6 3. Nf3 d6 4. Nc3 g6 5. a3 Bg7 6. Bc4 Nf6 7. O-O O-O 8. d3 a6
9. h3 b5 10. Ba2 Nd4 11. Nxd4 cxd4 12. Ne2 e5 13. Ng3 Be6 14. f5 Bxa2 15. Rxa2
Qc7 16. c3 dxc3 17. bxc3 Rac8 18. Raf2 Qxc3 19. fxg6 fxg6 20. Bb2 Qc5 21. Qb3+
Kh8 22. Rc1 Qe3 23. Rxc8 Rxc8 24. Nf1 Qb6 25. g3 Qc7 26. Nh2 Qd7 27. Kg2 Qe8
28. Nf3 Qg8 29. Qb4 Qe6 30. Ng5 Qe7 31. Bxe5 h6 32. Bxd6 Qd7 33. Nf3 a5 34. Qd4
Ng4 35. e5 Nxf2 36. Qxf2 Qf5 37. Qe2 Qe6 38. g4 Qd5 39. Qd2 Kh7 40. d4 Bf8 41.
Qf4 Bxd6 42. exd6 Rd8 43. Qe5 Qxd6 44. Qxb5 Qc7 45. Qe5 Qxe5 46. dxe5 Rd3 47.
a4 Ra3 48. Nd4 Rxa4 49. Nc6 Kg7 50. Kg3 Ra3+ 51. Kg2 a4 52. e6 Re3 53. e7 Kf7
0-1

[Event "4NCL Division 3 South"]
[Site "Maidenhead, ENG"]
[Date "2022.02.13"]
[Round "4.76"]
[White "Gaffney, Samuel"]
[Black "Nagda, Maanav"]
[Result "1/2-1/2"]
[WhiteElo "1841"]
[BlackElo "1552"]
[PlyCount "95"]
[EventDate "2022.02.13"]
[WhiteTeam "Iceni 2"]
[BlackTeam "Watford A"]

1. d4 e6 2. Nf3 d5 3. c4 Nf6 4. Nc3 c6 5. e3 Nbd7 6. Bd3 dxc4 7. Bxc4 Nb6 8.
Bd3 Bb4 9. O-O O-O 10. Qb3 Bd6 11. Rd1 Qe7 12. e4 Bc7 13. e5 Nfd5 14. Qc2 h6
15. a3 a5 16. Ne4 Nd7 17. Re1 Re8 18. Bd2 Bb6 19. Nd6 Rf8 20. b4 axb4 21. axb4
Rxa1 22. Rxa1 Bc7 23. Nxc8 Rxc8 24. Qb3 Bb6 25. Ra4 Qf8 26. Qa3 Bc7 27. Ra7 b6
28. Qa4 Qd8 29. Qxc6 Nf8 30. Qa4 Bb8 31. Rb7 Bc7 32. h3 Ra8 33. Ra7 Rc8 34. Qa2
Bb8 35. Ra3 Qe7 36. Qb3 Nd7 37. Be4 Nc7 38. b5 Nf8 39. Bb4 Qd8 40. Bd6 Na8 41.
Bxb8 Rxb8 42. Ra7 Nc7 43. Bc6 Ng6 44. Qa3 Ne7 45. Qd6 Ncd5 46. Nd2 Nf5 47.
Qxd8+ Rxd8 48. Nb3 1/2-1/2

[Event "4NCL Division 3 South"]
[Site "Maidenhead, ENG"]
[Date "2022.02.13"]
[Round "4.81"]
[White "Sparkes, Daniel A"]
[Black "Valentine, Brian J"]
[Result "1-0"]
[WhiteElo "1945"]
[BlackElo "1926"]
[PlyCount "35"]
[EventDate "2022.02.13"]
[WhiteTeam "CSC 2"]
[BlackTeam "MK Phoenix 2"]

1. e4 e5 2. f4 d5 3. exd5 exf4 4. Nf3 Qxd5 5. Nc3 Qe6+ 6. Be2 Ne7 7. d4 Ng6 8.
O-O Bd6 9. Bb5+ c6 10. Re1 cxb5 11. Rxe6+ Bxe6 12. Nxb5 Kd7 13. Ne5+ Ke7 14.
Nxd6 Kxd6 15. Nxg6 hxg6 16. Bxf4+ Kd7 17. d5 Bf5 18. Qe2 1-0

[Event "4NCL Division 3 South"]
[Site "Maidenhead, ENG"]
[Date "2022.02.13"]
[Round "4.82"]
[White "Williamson, Kevin J"]
[Black "Vachtfeidl, Petr"]
[Result "1/2-1/2"]
[WhiteElo "1883"]
[BlackElo "1856"]
[PlyCount "39"]
[EventDate "2022.02.13"]
[WhiteTeam "MK Phoenix 2"]
[BlackTeam "CSC 2"]

1. d4 Nf6 2. Nc3 d5 3. Bg5 Nbd7 4. Nf3 h6 5. Bh4 g6 6. e3 Bg7 7. Be2 O-O 8. O-O
b6 9. Bg3 c5 10. Ne5 Bb7 11. f4 e6 12. Bf3 a6 13. a4 Rc8 14. Nb1 Ne4 15. c3 Qe7
16. Bxe4 dxe4 17. Nxd7 Qxd7 18. Qe2 Qe7 19. Nd2 f5 20. Rfd1 1/2-1/2

[Event "4NCL Division 3 South"]
[Site "Maidenhead, ENG"]
[Date "2022.02.13"]
[Round "4.83"]
[White "Stayt, James N"]
[Black "Matthews, Adrian M S"]
[Result "1-0"]
[WhiteElo "1925"]
[BlackElo "1841"]
[PlyCount "75"]
[EventDate "2022.02.13"]
[WhiteTeam "CSC 2"]
[BlackTeam "MK Phoenix 2"]

1. e4 c5 2. c3 d5 3. exd5 Qxd5 4. d4 Nf6 5. Nf3 Bg4 6. Nbd2 e6 7. Bc4 Qd8 8.
Qa4+ Nbd7 9. Ne5 Bf5 10. Ndf3 h6 11. Be3 cxd4 12. Nxd4 Qc7 13. Nxd7 Nxd7 14.
Nxf5 exf5 15. Bb5 O-O-O 16. O-O-O Bd6 17. Qxa7 Rhe8 18. Qa8+ Qb8 19. Qxb8+ Bxb8
20. Rd5 Re5 21. Rhd1 Rxd5 22. Rxd5 f4 23. Bd4 f6 24. Bxd7+ Rxd7 25. Rxd7 Kxd7
26. Kd2 Ke6 27. Kd3 Kf5 28. f3 h5 29. a4 g5 30. b4 Ke6 31. c4 Bd6 32. c5 Be7
33. Kc4 h4 34. h3 Bd8 35. Bc3 Be7 36. b5 Bd8 37. a5 f5 38. a6 1-0

[Event "4NCL Division 3 South"]
[Site "Maidenhead, ENG"]
[Date "2022.02.13"]
[Round "4.84"]
[White "Obi, Marc On"]
[Black "Kumar, Soham"]
[Result "0-1"]
[WhiteElo "1797"]
[BlackElo "1884"]
[PlyCount "80"]
[EventDate "2022.02.13"]
[WhiteTeam "MK Phoenix 2"]
[BlackTeam "CSC 2"]

1. d4 Nf6 2. c4 c5 3. d5 b5 4. cxb5 a6 5. e3 d6 6. Nc3 Nbd7 7. Nf3 g6 8. a4 Bg7
9. e4 O-O 10. Be2 axb5 11. Bxb5 Ba6 12. Qd3 Bxb5 13. Nxb5 Ng4 14. O-O Nge5 15.
Nxe5 Nxe5 16. Qc2 e6 17. f4 Ng4 18. h3 Nf6 19. dxe6 fxe6 20. Be3 Qb8 21. Rad1
Rd8 22. b3 Ra6 23. Qc4 d5 24. exd5 exd5 25. Qxc5 Rc8 26. Qa3 Qxb5 27. Rc1 Rxc1
28. Rxc1 Qe8 29. Qc5 Re6 30. Bd2 Re2 31. Qd4 Qe6 32. Qd3 Qb6+ 33. Kh1 Qf2 34.
Rg1 Rxd2 35. Qb5 Qxf4 36. a5 Ne4 37. Qe8+ Bf8 38. Qe6+ Kh8 39. Re1 Ng3+ 40. Kh2
Nf1+ 0-1

[Event "4NCL Division 3 South"]
[Site "Maidenhead, ENG"]
[Date "2022.02.13"]
[Round "4.85"]
[White "Eckert, Jonathan"]
[Black "Davies, Lee"]
[Result "1-0"]
[WhiteElo "1736"]
[BlackElo "1645"]
[PlyCount "120"]
[EventDate "2022.02.13"]
[WhiteTeam "CSC 2"]
[BlackTeam "MK Phoenix 2"]

1. e4 d5 2. exd5 Nf6 3. d4 Qxd5 4. Nc3 Qa5 5. Bc4 Bf5 6. Bd2 c6 7. Nd5 Qd8 8.
Nxf6+ exf6 9. Ne2 Be7 10. c3 Nd7 11. Nf4 Nb6 12. Bb3 O-O 13. Qf3 Bd6 14. O-O-O
a5 15. g4 Bxf4 16. gxf5 Bxd2+ 17. Rxd2 a4 18. Bc2 Nc4 19. Re2 Qd7 20. Rg1 Rfe8
21. Rxe8+ Qxe8 22. Qg4 g6 23. fxg6 fxg6 24. Qf4 Qf7 25. h4 Nb6 26. Qh6 Qg7 27.
Qe3 Nd5 28. Qe6+ Kh8 29. Kb1 a3 30. Bb3 Nf4 31. Qe3 Nd5 32. Bxd5 cxd5 33. Qe6
axb2 34. Re1 Rd8 35. Kxb2 h5 36. Qb6 Ra8 37. Re6 Qf8 38. Qd6 Qxd6 39. Rxd6 Kg7
40. Rxd5 b6 41. Rd7+ Kh6 42. Rf7 f5 43. Rf6 b5 44. Re6 Kg7 45. Re5 Rb8 46. Kb3
Kf6 47. f4 Rb6 48. Kb4 Ra6 49. a3 Ra4+ 50. Kb3 Ra5 51. Rc5 Ke6 52. Re5+ Kd6 53.
c4 bxc4+ 54. Kb4 Rxe5 55. dxe5+ Kd5 56. Kc3 g5 57. fxg5 Kxe5 58. Kxc4 f4 59.
Kd3 f3 60. Ke3 Kf5 1-0

[Event "4NCL Division 3 South"]
[Site "Maidenhead, ENG"]
[Date "2022.02.13"]
[Round "4.86"]
[White "Cox, Lucian"]
[Black "Grey, Nicholas D"]
[Result "1/2-1/2"]
[WhiteElo "1093"]
[BlackElo "1724"]
[PlyCount "123"]
[EventDate "2022.02.13"]
[WhiteTeam "MK Phoenix 2"]
[BlackTeam "CSC 2"]

1. e4 c5 2. d4 cxd4 3. c3 Nf6 4. e5 Nd5 5. Bc4 Qc7 6. Qe2 e6 7. Nf3 b6 8. O-O
Bb7 9. cxd4 d6 10. Bd2 Nd7 11. Rc1 Qd8 12. Bxd5 Bxd5 13. Nc3 dxe5 14. Nxd5 exd5
15. Nxe5 Qe7 16. Re1 Nxe5 17. Qxe5 Qxe5 18. Rxe5+ Kd7 19. Rxd5+ Kc6 20. Rf5 f6
21. Rc1+ Kd7 22. Bf4 Ke6 23. g4 Rd8 24. Rc6+ Bd6 25. Bxd6 Rxd6 26. Rxd6+ Kxd6
27. Kf1 Rc8 28. g5 Rc1+ 29. Kg2 fxg5 30. Rxg5 g6 31. Rg3 Kd5 32. Rh3 Rc7 33.
Rh4 h5 34. Kf3 Rc2 35. Rf4 Rxb2 36. Rf6 Rxa2 37. Rxg6 Kxd4 38. Rg5 Ra5 39. Kf4
Rc5 40. Rg7 a5 41. Ra7 Kc3 42. Ra6 Rb5 43. Ke4 Rb4+ 44. Ke5 a4 45. f4 Rb5+ 46.
Ke6 Ra5 47. Rxa5 bxa5 48. f5 a3 49. f6 a2 50. f7 a1=Q 51. f8=Q Qa2+ 52. Kd7
Qd5+ 53. Kc7 Kc4 54. Qf1+ Kc5 55. Qf8+ Kb5 56. Qe8+ Kb4 57. Qe1+ Ka4 58. Qa1+
Kb3 59. Qb1+ Kc4 60. Qc2+ Kd4 61. Qb2+ Ke4 62. Qe2+ 1/2-1/2

[Event "4NCL Division 3 South"]
[Site "Maidenhead, ENG"]
[Date "2022.02.13"]
[Round "4.91"]
[White "Walkusz, Miroslaw"]
[Black "Howell, Oliver W"]
[Result "1-0"]
[WhiteElo "1944"]
[BlackElo "2021"]
[PlyCount "63"]
[EventDate "2022.02.13"]
[WhiteTeam "Cambridge University 3"]
[BlackTeam "Sussex Martlets 2"]

1. d4 d5 2. c4 c6 3. cxd5 cxd5 4. Nc3 Nf6 5. Nf3 Nc6 6. Bf4 Bf5 7. e3 e6 8. Bb5
Rc8 9. Ne5 Qb6 10. O-O Bb4 11. Bxc6+ bxc6 12. Na4 Qb5 13. a3 Be7 14. f3 Nd7 15.
Nxd7 Kxd7 16. b4 a5 17. Nc5+ Bxc5 18. bxc5 Ra8 19. e4 dxe4 20. fxe4 Bxe4 21.
Qh5 Bg6 22. Qe5 Qb8 23. Qxg7 Qd8 24. Qe5 Qb8 25. Qe3 Qb2 26. Qe5 Rhg8 27. d5
Qc2 28. dxe6+ fxe6 29. Qd4+ Kc8 30. Qd6 Kb7 31. Qc7+ Ka6 32. Qb6# 1-0

[Event "4NCL Division 3 South"]
[Site "Maidenhead, ENG"]
[Date "2022.02.13"]
[Round "4.92"]
[White "Salmons, Calum"]
[Black "Lim, Mark"]
[Result "1/2-1/2"]
[WhiteElo "1932"]
[BlackElo "1801"]
[PlyCount "103"]
[EventDate "2022.02.13"]
[WhiteTeam "Sussex Martlets 2"]
[BlackTeam "Cambridge University 3"]

1. e4 e6 2. Nf3 d5 3. e5 c5 4. b4 b6 5. a3 Qd7 6. c3 Ba6 7. Bxa6 Nxa6 8. d4 Ne7
9. O-O Nf5 10. Nbd2 Be7 11. Nb3 O-O 12. Qe2 Qa4 13. Rb1 Rac8 14. g4 Nh6 15.
Bxh6 gxh6 16. Qe3 Kh8 17. bxc5 bxc5 18. Nbd2 Rg8 19. h3 h5 20. g5 Bxg5 21. Nxg5
Rxg5+ 22. Kh1 Rcg8 23. Rb7 Rf5 24. Rxa7 Qc6 25. Rb1 cxd4 26. cxd4 Nc7 27. Nf3
Ne8 28. Rab7 Qc2 29. R7b2 Qc7 30. a4 Qa5 31. Ra2 Nc7 32. Rg1 Qb4 33. Raa1 Qe7
34. Rxg8+ Kxg8 35. Qh6 Ne8 36. Rg1+ Kh8 37. Ng5 f6 38. Nxe6 fxe5 39. dxe5 Qb7
40. Nf4 d4+ 41. Rg2 Ng7 42. Qd6 Qc8 43. Nd5 Rf3 44. Qc7 Rxh3+ 45. Kg1 Qxc7 46.
Nxc7 Rc3 47. Nb5 Rc1+ 48. Kh2 d3 49. f4 Rc2 50. a5 d2 51. Nc3 Rxc3 52. Rxd2
1/2-1/2